| 000 | 00571nam a22001937a 4500 | ||
|---|---|---|---|
| 005 | 20161130154146.0 | ||
| 010 | _aENG-116709 | ||
| 020 |
_a9788184845372 _c1050.00 |
||
| 035 | _aEN-100241 | ||
| 037 | _bDBAD/PUB | ||
| 082 | _a338.47910954 | ||
| 100 | _aSen,Raj Kumar | ||
| 245 |
_aTourism and economic development / _cby Raj Kumar Sen |
||
| 260 |
_aNew Delhi _bRegal Publications _c2016 |
||
| 270 |
_aF-159, Rajouri Garden _bNew Delhi _e110027 |
||
| 300 |
_axii,236p. _c23cm(Hb) |
||
| 500 | _aIncludes index | ||
| 942 |
_2ddc _cEN _h338.47910954 _mSEN |
||
| 999 |
_c104855 _d104855 |
||